| 000 | 00446nam a2200145Ia 4500 | ||
|---|---|---|---|
| 008 | 151213s9999 xx 000 0 und d | ||
| 100 | _aChristopher Marlowe , ed by - John D. Jump | ||
| 245 |
_aDoctor Faustus _cChristopher Marlowe , ed by - John D. Jump |
||
| 260 |
_aLondon _bRouttedge _c1965 |
||
| 300 | _a3570 p. | ||
| 650 | _aEnglish Literature | ||
| 650 | _aLiterature | ||
| 700 | _aChristopher Marlowe , ed by - John D. Jump | ||
| 999 |
_c2373 _d2373 |
||